Economics of Bamboo Basket Making - A Case Study (Record no. 598398)

MARC details
000 -LEADER
fixed length control field 00469nam a2200145Ia 4500
008 - FIXED-LENGTH DATA ELEMENTS--GENERAL INFORMATION
fixed length control field 100415s9999 xx 000 0 und d
082 ## - DEWEY DECIMAL CLASSIFICATION NUMBER
Item number 15500
Classification number 584.9(54558)
100 ## - MAIN ENTRY--PERSONAL NAME
Personal name Varalkshmi V
245 ## - TITLE STATEMENT
Title Economics of Bamboo Basket Making - A Case Study
260 ## - PUBLICATION, DISTRIBUTION, ETC. (IMPRINT)
Place of publication, distribution, etc NEW DELHI
Date of publication, distribution, etc 1992
Name of publisher, distributor, etc HARYANA FOREST DEPARTMENT
365 ## - TRADE PRICE
Price amount 0
630 ## - SUBJECT ADDED ENTRY--UNIFORM TITLE
Uniform title Economics of Bamboo Basket Making - A Case Study
730 ## - ADDED ENTRY--UNIFORM TITLE
Uniform title Economics of Bamboo Basket Making - A Case Study
942 ## - ADDED ENTRY ELEMENTS (KOHA)
Koha item type Book
Holdings
Withdrawn status Lost status Damaged status Not for loan Home library Current library Date acquired Cost, normal purchase price Total Checkouts Full call number Barcode Date last seen Price effective from Koha item type
        Bombay Natural History Society Bombay Natural History Society 10/23/1997 0.00   584.9(54558) 15500 BNHS-15500 04/15/2010 04/15/2010 Book